县级行政区知识问答#21 三水区 Sanshui Multiple-choice - Statistics

General Stats
  • This quiz has been taken 7 times
    5 since last reset
  • The average score is 8 of 10
Answer Stats
Question Answer % Correct
三水区隶属于广东省哪个地级市? 佛山市
100%
三水区“胥江祖庙”供奉的主神是? 北帝
100%
三水区“中国长寿之乡”称号的认定标准是? 百岁老人比例达标
100%
以下哪条高速铁路经过三水区? 贵广高铁
100%
三水区“三江汇流”不包括以下哪条河流? 东江
75%
三水区银洲贝丘遗址属于哪个历史时期? 新石器时代
75%
三水区被称为“中国饮料之都”称号,以下哪一个是三水区代表性品牌? 健力宝
75%
三水区“大旗头古村”的民居属于哪种建筑风格? 广府镬耳屋
75%
三水区“云东海湖”的形成原因是? 古海湾恢复
50%
三水区“红头巾”文化纪念的是哪个群体? 南洋女工
0%
No matching quizzes found
Score Distribution
Percent of People with Each Score
Percentile by Number Answered
Your Score History
You have not taken this quiz since the last reset